000 00674cam a22002172 4500
001 0000001943
005 20151217151834.0
008 070329s xx 000 0 eng d
020 _a0582368766 :
040 _aKABU
_cKABU
050 0 _aHD75.6
_b.N38 1999
245 1 0 _aNatural resource and environmental economics /
_cRoger Perman ... [et al.]
250 _a2nd ed.
260 _aHarlow, England :
_bParson Educational,
_c1999.
300 _axxvi, 564 p.
650 0 _aEconomic development
_xEnvironmental aspects.
_@0000150122
700 1 _aPerman, Roger.
_@0000150137
908 _a070329
950 _@1
999 _c5538
_d5538